| 000 | 00859 a2200241 4500 | ||
|---|---|---|---|
| 999 |
_c2222 _d2222 |
||
| 020 | _a0134629612 | ||
| 050 | 0 | 0 | _aHM51.JOH 1998 |
| 100 | _aJohnson William | ||
| 245 | 0 | 4 |
_aThe sociology student writer's manual / _cWilliam A. Johnson, Jr. ... [et al.]. |
| 264 |
_aNew Jersey: _bPrentice hall., _c1998 |
||
| 300 | _axiv, 250 p. ; | ||
| 500 | _aIncludes bibliographical references (p. 236-242) and index. | ||
| 504 | _aIncludes bibliographical references (p. 236-242) and index. | ||
| 650 | 0 |
_aSociology _xAuthorship |
|
| 650 | 0 |
_aSociology _xResearch |
|
| 650 | 0 | _aReport writing | |
| 700 | 1 |
_aJohnson, William A., _d1942- |
|
| 700 | 1 | _aRettig Richard. P | |
| 700 | 1 | _aScott, Gregory. M | |
| 700 | 1 | _aGarrison, Stephen. M | |
| 942 |
_2lcc _cBK _h51 _iJOH _kHM |
||